| 000 | 01095nam0a22002411 4500 | ||
|---|---|---|---|
| 001 | rc\626365 | ||
| 005 | 20260406171817.0 | ||
| 035 | _a(NLR Aleph) 005868915 | ||
| 090 |
_a5957886 _c5957886 |
||
| 100 | _a20031121d1986 |||y0rusy50 ca | ||
| 101 | 0 | _arus | |
| 102 | _aRU | ||
| 105 | _ay ||||||||| | ||
| 200 | 1 |
_aИспользование психологических знаний в работе пропагандиста _eМетод. рекомендации в помощь пропагандистам и организаторам марксистско-ленинского образования _fДом полит. просвещения ЦК Компартии Украины _g[Подгот. Т.К. Чмут] |
|
| 210 |
_aКиев _cБ. и. _d1986 |
||
| 215 |
_a39, [1] с. _d20 |
||
| 702 | 1 |
_aЧмут _bТ.К. _gТамара Куприяновна _4570 |
|
| 712 | 0 | 2 |
_aДом политического просвещения _cКиев _3RU\NLR\AUTH\889939284 _9373440 |
| 801 | 0 |
_aRU _bNLR _gpsbo |
|
| 801 | 1 |
_aRU _bELAR _2rusmarc |
|
| 852 |
_aNLR _j86-4/13086 |
||
| 942 | _cBOOK | ||
| 980 | _aNB | ||